000 00733nam a22002417a 4500
003 UA-OsUOA
001 126207
007 ta
008 20171011b un ||||| |||| 00| 0 ukr d
100 _aКлименко Х.
090 _a929:791.43
_bК49
942 _cBK
040 _aUA-OsUOA
_bukr
_cUA-OsUOA
_dUA-OsUOA
245 _aПам'ять серця. Біографія Тараса Шевченка в кінокадрах
_bкнига-фільм
300 _a120 с.
955 _a2
041 _aukr
080 _a929:791.43
020 _a966-8440-15-3
260 _aК.
_bПорліграф Консалтинг
_c2004
650 7 _a9 Географія. Біографії. Історія
_2UDC
999 _c413435
_d413435